Historia de Portugal y de sus colonias / escrita en francés por Augusto Bouchot ; traducida y continuada hasta nuestros días por Marcial Busquets
Descripción Física:
400 p. ; 20 cm
Otros Autores:
Busquets, Marçal
MARC
| LEADER | 00000nam a2200000Ia 4500 | ||
|---|---|---|---|
| 001 | 14611 | ||
| 008 | 160829s1858 xx 000 0 cat d | ||
| 080 | |a H-2-183 | ||
| 100 | |a Bouchot, Auguste |9 27231 | ||
| 245 | |a Historia de Portugal y de sus colonias / escrita en francés por Augusto Bouchot ; traducida y continuada hasta nuestros días por Marcial Busquets | ||
| 260 | |a Madrid : |b Libr. Española ; Barcelona : |b Plus Ultra, |c 1858 | ||
| 300 | |a 400 p. ; |c 20 cm | ||
| 650 | |a Portugal |x Història |9 27232 | ||
| 650 | |a Portugal |x Colònies |x Història |9 27233 | ||
| 700 | 1 | |a Busquets, Marçal |9 27234 | |
| 901 | |a Arxiu | ||
| 942 | |n 1 | ||
| 952 | |0 0 |1 0 |4 0 |6 H2183 |7 1 |9 44320 |a Arxiu |b Arxiu |d 2016-12-01 |l 0 |o H-2-183 |p 14611 |r 2016-12-01 00:00:00 |w 2016-12-01 |y ARXIU | ||
| 999 | |c 46900 |d 46900 | ||